00490nam a2200169Ia 4500003000400000005001700004008004100021040000900062082001800071100002900089245005000118260006200168300000900230650002200239942004200261999001700303OSt20200131161154.0190216s9999||||xx |||||||||||||| ||und|| coclc a320.82bEBE/G aEbenstein, William91723 0aGreat Political Thinkers /cWilliam Ebenstein bOxford And Ibh Publishing Co. Pvt Ltd,c1966.aNew Delhi: a978p aPolitical Science cBK2ddch320.82iEBE/Gk320.82mEBE/G c34766d34766